Buteurs de Clubs français en Ligue des Champions depuis 2010 - Statistiques

Statistiques générales
  • Ce quiz a été pris 78 fois
  • Le résultat moyen est 44 sur 127
Statistiques - réponses
Indice Réponse % Correct
Monaco/PSG (48) Mbappé
100%
PSG (20) Ibrahimović
92%
PSG (22) Neymar
90%
PSG (29) Cavani
89%
OL (5) Lacazette
84%
OL (3) | PSG (2) Dembélé
79%
PSG (14) Di María
78%
AS Monaco (8) Falcao
76%
AS Monaco (2) | PSG (3) Silva
76%
PSG (9) Marquinhos
71%
PSG (3) Verratti
71%
PSG (9) Messi
70%
PSG (6) Matuidi
70%
OM (2) Payet
67%
PSG (3) Kurzawa
65%
LOSC (3) David
62%
PSG (7) Lavezzi
62%
OL (3) Fékir
60%
OL (7) Depay
57%
PSG (4) Pastore
57%
OM (3) Gignac
54%
PSG (3) Lucas Moura
54%
PSG (2) Motta
54%
PSG (4) Rabiot
54%
OM (1) Thauvin
54%
OL (2) Tolisso
52%
PSG (5) Bernat
49%
PSG (2) Vitinha
49%
RC Lens (2) Wahi
49%
PSG (1) Barcola
48%
AS Monaco (2) Fabinho
48%
AS Monaco (2) Germain
48%
PSG (1) Kimpembe
48%
PSG (1) Kolo Muani
46%
AS Monaco (2) Lemar
46%
OL (3) López
46%
PSG (3) Luiz
46%
OM (2) Valbuena
44%
OL (6) Cornet
43%
PSG (1) Hakimi
43%
PSG (1) Draxler
41%
PSG (5) Icardi
41%
PSG (1) Mendes
41%
PSG (3) Meunier
41%
OL (1) Aouar
40%
AS Monaco (1) Bakayoko
40%
PSG (2) Alex
38%
OL (1) Terrier
38%
AS Monaco (2) Glik
37%
OL (1) Gourcuff
37%
LOSC/AS Monaco (2) Sidibé
37%
PSG (2) Alves
35%
OL (7) Gomis
35%
PSG (1) Zaïre-Emery
35%
OM (2) Sánchez
33%
OL (2) Traoré
33%
PSG (1) Hernandez
32%
PSG (1) Hoarau
30%
RC Lens (1) Thomasson
30%
LOSC (3) Yilmaz
30%
LOSC (2) Ikoné
29%
OL (3) Bastos
27%
RC Lens (1) Frankowski
27%
PSG (1) Gueye
27%
MHSC (1) | PSG (1) Herrera
27%
PSG (1) Aurier
25%
MHSC (2) Belhanda
25%
PSG (1) Cabaye
25%
PSG (1) Choupo-Moting
25%
OL (1) Gonalons
25%
OL (1) Jallet
25%
PSG (3) Kean
25%
OM (3) Brandão
24%
RC Lens (2) Fulgini
24%
AS Monaco (1) Lopes
24%
OM/LOSC (5) Rémy
24%
OL (2) Tousart
24%
OM (1) | OM (6) Ayew
22%
AS Monaco (1) Carrasco
22%
OL (1) Koné
22%
PSG (2) Ménez
22%
LOSC (2) Osimhen
22%
PSG (2) Sarabia
22%
OL (2) Ndombele
21%
LOSC (3) Sow
21%
OM (2) Guendouzi
19%
PSG (1) Lee
19%
AS Monaco (1) Moutinho
19%
PSG (1) Skriniar
19%
OL (2) Briand
17%
OM (2) Mbemba
17%
AS Monaco (1) Berbatov
16%
AS Monaco (1) Ocampos
16%
OL (1) Pjanić
16%
PSG (2) Wijnaldum
16%
MHSC (1) Camara
14%
OM (3) González
14%
Stade Rennais (2) Guirassy
14%
OM (1) Balerdi
13%
OM (2) Diawara
13%
OL (1) Dubois
13%
OL (2) Ferri
13%
LOSC (1) Gomes
11%
OM (1) Harit
10%
LOSC (1) Kalou
10%
LOSC (1) Pedretti
10%
AS Monaco (1) Kondogbia
8%
OL (1) Lovren
8%
MHSC (1) Aït-Fana
6%
OL (1) Andersen
6%
LOSC (1) De Melo
6%
AJA (1) Sammaritano
6%
AS Monaco (1) Tielemans
6%
MHSC (1) Charbonnier
5%
LOSC (1) Chedjou
5%
Stade Rennais (1) Rutter
5%
AS Monaco (1) Abdennour
3%
AJA (1) Birsa
3%
LOSC (1) Bruno
3%
AJA (1) Langil
3%
AS Monaco (1) Grandsir
2%
OM (1) Heinze
2%
AS Monaco (1) Sylla
2%
Aucun quiz correspondant
Distribution des résultats
% des personnes avec chaque résultat
Percentile par nombre de réponses
Votre historique - résultats
Vous n’avez pas pris ce quiz